| 000 | 01182nam a2200349 i 4500 | ||
|---|---|---|---|
| 003 | EG-GICUC | ||
| 005 | 20260121101742.0 | ||
| 008 | 260119s1956 us ||||fr|||| 001 0 eng d | ||
| 040 |
_aEG-GiCUC _beng _cEG-GiCUC _dEG-GiCUC _erda |
||
| 041 | _aeng | ||
| 082 | 0 | 4 |
_221 _a341.33 _bHU . D |
| 092 | 0 | 4 | _221 |
| 099 | _aLaw1 11 341.33 HU . D 1956 | ||
| 100 | 1 |
_a Hurewitz, J. C. _eAuthor. |
|
| 245 | 1 | 0 |
_aDiplomacy In The Near And Middle East : _bA Documentary Record: 1535-1914. _nVolume I / _cBy J. C. Hurewitz. |
| 246 | 1 | _a Annuaire Africain De Droit International | |
| 264 | 1 |
_a New York : _bD. Van Nostrand Company, Inc, _c1956. |
|
| 300 |
_a291 pages, _c24 cm _billustrations, |
||
| 336 |
_2rda content _atext |
||
| 337 |
_2rda media _aComputer |
||
| 338 |
_2rda carrier _aOnline Resource |
||
| 500 | _aIncludes index. | ||
| 504 | _aBibliography: pages 200-250. | ||
| 546 | _aText in English | ||
| 650 | 1 | 4 |
_aDiplomacy _2qrmak _xMiddle East |
| 650 | 1 | 4 |
_aPublic international law _2qrmak |
| 650 | 1 | 4 |
_aMiddle East _x Foreign relations |
| 651 | 1 | _2qrmak | |
| 856 | 4 | 0 | _uhttps://fll.law.cu.edu.eg/fulltext/bks/B11-06540.pdf |
| 905 | _a79 | ||
| 942 |
_2ddc _cBK _e21 _n0 |
||
| 999 |
_c57916 _d57916 |
||